<?xml version="1.0" encoding="UTF-8"?>
<record
    xmlns:xsi="http://www.w3.org/2001/XMLSchema-instance"
    xsi:schemaLocation="http://www.loc.gov/MARC21/slim http://www.loc.gov/standards/marcxml/schema/MARC21slim.xsd"
    xmlns="http://www.loc.gov/MARC21/slim">

  <leader>01152nam a22002177a 4500</leader>
  <datafield tag="952" ind1=" " ind2=" ">
    <subfield code="0">0</subfield>
    <subfield code="1">0</subfield>
    <subfield code="2">lcc</subfield>
    <subfield code="4">0</subfield>
    <subfield code="7">0</subfield>
    <subfield code="a">01</subfield>
    <subfield code="b">01</subfield>
    <subfield code="d">2023-02-23</subfield>
    <subfield code="l">0</subfield>
    <subfield code="o">QD322 G65 2011</subfield>
    <subfield code="p">16 004119</subfield>
    <subfield code="r">2023-07-13</subfield>
    <subfield code="t">1</subfield>
    <subfield code="w">2023-02-23</subfield>
    <subfield code="y">LB</subfield>
  </datafield>
  <datafield tag="952" ind1=" " ind2=" ">
    <subfield code="0">0</subfield>
    <subfield code="1">0</subfield>
    <subfield code="2">lcc</subfield>
    <subfield code="4">0</subfield>
    <subfield code="7">0</subfield>
    <subfield code="a">01</subfield>
    <subfield code="b">01</subfield>
    <subfield code="d">2023-02-23</subfield>
    <subfield code="l">0</subfield>
    <subfield code="o">QD322 G65 2011</subfield>
    <subfield code="p">16 004120</subfield>
    <subfield code="r">2023-07-13</subfield>
    <subfield code="t">2</subfield>
    <subfield code="w">2023-02-23</subfield>
    <subfield code="y">LB</subfield>
  </datafield>
  <datafield tag="952" ind1=" " ind2=" ">
    <subfield code="0">0</subfield>
    <subfield code="1">0</subfield>
    <subfield code="2">lcc</subfield>
    <subfield code="4">0</subfield>
    <subfield code="7">0</subfield>
    <subfield code="a">01</subfield>
    <subfield code="b">01</subfield>
    <subfield code="d">2023-02-23</subfield>
    <subfield code="l">0</subfield>
    <subfield code="o">QD322 G65 2011</subfield>
    <subfield code="p">16 004121</subfield>
    <subfield code="r">2023-07-13</subfield>
    <subfield code="t">3</subfield>
    <subfield code="w">2023-02-23</subfield>
    <subfield code="y">LB</subfield>
  </datafield>
  <datafield tag="999" ind1=" " ind2=" ">
    <subfield code="c">89276</subfield>
    <subfield code="d">89276</subfield>
  </datafield>
  <controlfield tag="008">130321t2011    mx a|||| |||| 00| 0 spa d</controlfield>
  <datafield tag="020" ind1=" " ind2=" ">
    <subfield code="a">9786074382662</subfield>
  </datafield>
  <datafield tag="050" ind1=" " ind2=" ">
    <subfield code="a">QD322</subfield>
    <subfield code="b">G65 2011</subfield>
  </datafield>
  <datafield tag="100" ind1=" " ind2=" ">
    <subfield code="a">Gonz&#xE1;lez Murad&#xE1;s, Rosa Mar&#xED;a </subfield>
    <subfield code="e">autor</subfield>
  </datafield>
  <datafield tag="245" ind1=" " ind2=" ">
    <subfield code="a">Qu&#xED;mica</subfield>
    <subfield code="b">: teor&#xED;a, ejemplos y problemas </subfield>
    <subfield code="c">/ Rosa Mar&#xED;a, Gonz&#xE1;lez Mur&#xE1;das, et al. </subfield>
  </datafield>
  <datafield tag="260" ind1=" " ind2=" ">
    <subfield code="a">M&#xE9;xico</subfield>
    <subfield code="b">: Patria</subfield>
    <subfield code="c">, 2011 </subfield>
  </datafield>
  <datafield tag="300" ind1=" " ind2=" ">
    <subfield code="a">x, 271 p&#xE1;ginas </subfield>
    <subfield code="b">: tablas. formularios </subfield>
    <subfield code="e">cd</subfield>
  </datafield>
  <datafield tag="500" ind1=" " ind2=" ">
    <subfield code="a">Incluye: Contenido </subfield>
  </datafield>
  <datafield tag="505" ind1=" " ind2=" ">
    <subfield code="a">I. La materia y sus cambios  
II. Clasificaci&#xF3;n peri&#xF3;dica  
III. Nomenclatura de los compuestos inorg&#xE1;nicos  
IV. Nociones sobre el enlace qu&#xED;mico  
V. Fundamentos de estequiometr&#xED;a  
VI. Estequimetr&#xED;a en reacciones en disoluci&#xF3;n acuosa  
VII. Termodin&#xE1;mica  
VIII. Equilibrio fisicoqu&#xED;mico  
IX. Equilibrios &#xE1;cido-base. Soluci&#xF3;n y precipitaci&#xF3;n  
X. &#xD3;xido - reducci&#xF3;n y electroqu&#xED;mica  </subfield>
  </datafield>
  <datafield tag="519" ind1=" " ind2=" ">
    <subfield code="a">Material Complementario / </subfield>
    <subfield code="d">16 004119</subfield>
  </datafield>
  <datafield tag="650" ind1=" " ind2=" ">
    <subfield code="a">QU&#xCD;MICA</subfield>
  </datafield>
  <datafield tag="700" ind1=" " ind2=" ">
    <subfield code="a">Montagut Bosque, Pilar </subfield>
    <subfield code="e">autor </subfield>
  </datafield>
  <datafield tag="700" ind1=" " ind2=" ">
    <subfield code="a">Sans&#xF3;n Ortega, Mar&#xED;a del Carmen </subfield>
    <subfield code="e">autor</subfield>
  </datafield>
  <datafield tag="700" ind1=" " ind2=" ">
    <subfield code="a">Salcedo Pintos, Roberto Ren&#xE9; </subfield>
    <subfield code="e">autor </subfield>
  </datafield>
  <datafield tag="942" ind1=" " ind2=" ">
    <subfield code="c">LB</subfield>
    <subfield code="2">lcc</subfield>
  </datafield>
</record>
